A treatise on geodesic operations, or county surveying, land surveying, and levelling (Record no. 114375)
[ view plain ]
| 000 -LEADER | |
|---|---|
| fixed length control field | 00748cam a22001815a 4500 |
| 001 - CONTROL NUMBER | |
| control field | L156707 |
| 008 - FIXED-LENGTH DATA ELEMENTS--GENERAL INFORMATION | |
| fixed length control field | 120626s1821 xxk f 000 0 eng d |
| 035 ## - SYSTEM CONTROL NUMBER | |
| System control number | (Sirsi) u156707 |
| 041 0# - LANGUAGE CODE | |
| Language code of text/sound track or separate title | eng |
| 100 1# - MAIN ENTRY--PERSONAL NAME | |
| Personal name | Robson, I. |
| 245 02 - TITLE STATEMENT | |
| Title | A treatise on geodesic operations, or county surveying, land surveying, and levelling |
| Statement of responsibility, etc. | By I. Robson, Master of the classical and Mathematical Academy, in the city of Durham |
| 260 ## - PUBLICATION, DISTRIBUTION, ETC. | |
| Place of publication, distribution, etc. | Durham ; [London] |
| Name of publisher, distributor, etc. | Printed by F. Humble and Co ... for Baldwin, Cradock, and Joy, London; and George Andrews ... |
| Date of publication, distribution, etc. | 1821 |
| 300 ## - PHYSICAL DESCRIPTION | |
| Extent | 298 p., 6 folded leaves of plates |
| Other physical details | ill. |
| Dimensions | 23 cm. |
| 583 ## - ACTION NOTE | |
| Action | Condition reviewed |
| Time/date of action | 20120620 |
| Status | condition level 2 |
| 651 #4 - SUBJECT ADDED ENTRY--GEOGRAPHIC NAME | |
| Geographic name | Great Britain |
| Chronological subdivision | 1707- |
| 690 ## - LOCAL SUBJECT ADDED ENTRY--TOPICAL TERM (OCLC, RLIN) | |
| Topical term or geographic name as entry element | Geomatics |
| 9 (RLIN) | 6242 |
| 942 ## - ADDED ENTRY ELEMENTS (KOHA) | |
| Suppress in OPAC | 0 |
| Withdrawn status | Lost status | Source of classification or shelving scheme | Damaged status | Not for loan | Home library | Current library | Shelving location | Date acquired | Total Checkouts | Full call number | Barcode | Date last seen | Copy number | Price effective from | Koha item type |
|---|---|---|---|---|---|---|---|---|---|---|---|---|---|---|---|
| Dewey Decimal Classification | Historic collection | Historic collection | Historic collection | 26/06/2012 | QUARTO 1821 ROBSON | 30078154 | 06/08/2019 | 1 | 06/08/2019 | Book |